000 00892nas a2200277 4500
001 BR0701054
003 BR-BrBNA
005 20231205110610.0
007 ta
008 230509b bl.|||p| |||| 00| 00por d
040 _aBR-BrBNA
_bpor
_cBiblioteca Nacional de Agricultura
041 _a(Pt)
072 _aL02; U10
100 1 _aToral, F.L.B.
100 1 _aAlencar, M.M. de
100 1 _aFreitas, A.R. de
245 1 _aArranjos para efeitos fixos e estruturas de (co)variâncias residuais para análises de medidas repetidas do peso de bovinos da raça Canchim
650 _aGADO CANCHIM
650 _aPESO
650 _aDESMAMA
650 _aIDADE
650 _aMÉTODO ESTATÍSTICO
773 0 _tRevista Brasileira de Zootecnia (Brazil)
_xISSN 1516-3598
_g(Sep-Oct 2006), v. 35(5) p. 1951-1958
_wBR0701054
909 _a202311
_bLúcia
_c55
_dLúcia Elande
942 _2AGRIS
_n0
_cANA
999 _c188112
_d188112